[Event "26th WSCC 2016 Open 65+"]
[Site "Marianske Lazne, Czech Republic - Hotel Cristal and Continental"]
[Date "2016.11.19"]
[Round "1.1"]
[White "Vaisser, Anatoly"]
[Black "Kotva, Milan"]
[Result "1-0"]
[WhiteElo "2505"]
[BlackElo "1999"]
[PlyCount "89"]
[EventDate "2016.11.19"]

1. d4 d5 2. Bf4 Nf6 3. e3 c6 4. Bd3 Bg4 5. Ne2 e6 6. O-O Bd6 7. f3 Bxf4 8. Nxf4
Bf5 9. Nc3 O-O 10. g4 Bxd3 11. Nxd3 Nbd7 12. Qe1 Rc8 13. Ne2 c5 14. c3 Re8 15.
Ng3 h6 16. Qf2 Nh7 17. Kg2 b6 18. f4 Ndf6 19. Qf3 Qd7 20. h4 Qb5 21. Rad1 c4
22. a4 Qb3 23. Ne5 Qxb2+ 24. Rf2 Qb3 25. Rg1 Qxa4 26. g5 Nd7 27. gxh6 f6 28.
Qg4 g5 29. Qh5 Re7 30. Qg6+ Kh8 31. Nf7+ Rxf7 32. Qxf7 Rg8 33. hxg5 fxg5 34.
Qxe6 gxf4 35. Rxf4 Qc2+ 36. Rf2 Qg6 37. Qxg6 Rxg6 38. Rf7 Nhf6 39. h7 a5 40.
Kf3 b5 41. Rb1 b4 42. cxb4 a4 43. Ra1 Nb6 44. Nf5 Ne4 45. Rf8+ 1-0

[Event "26th WSCC 2016 Open 65+"]
[Site "Marianske Lazne, Czech Republic - Hotel Cristal and Continental"]
[Date "2016.11.19"]
[Round "1.3"]
[White "Zhelnin, Vladimir V"]
[Black "Olesen, Poul Erik Norgaard"]
[Result "1-0"]
[WhiteElo "2453"]
[BlackElo "1998"]
[PlyCount "59"]
[EventDate "2016.11.19"]

1. e4 e5 2. Nf3 d6 3. Bc4 Nc6 4. d4 exd4 5. Nxd4 g6 6. Nc3 Bg7 7. Be3 Nf6 8. f3
O-O 9. a3 Re8 10. O-O d5 11. Bxd5 Nxd5 12. Nxd5 f5 13. Nb5 Be5 14. Bf4 Bxf4 15.
Nxf4 Qg5 16. Nxc7 Qxf4 17. Nxe8 Be6 18. Nf6+ Kg7 19. Nd5 Qe5 20. Qd3 Rd8 21. c4
Kg8 22. b4 a6 23. Rad1 Qg7 24. Qe3 Ne5 25. exf5 Bxf5 26. Ne7+ Qxe7 27. Rxd8+
Qxd8 28. Qxe5 Bd3 29. Rd1 Qb6+ 30. c5 1-0

[Event "26th WSCC 2016 Open 65+"]
[Site "Marianske Lazne, Czech Republic - Hotel Cristal and Continental"]
[Date "2016.11.19"]
[Round "1.4"]
[White "Just, Pavel"]
[Black "Okhotnik, Vladimir"]
[Result "0-1"]
[WhiteElo "1996"]
[BlackElo "2434"]
[PlyCount "90"]
[EventDate "2016.11.19"]

1. e4 e5 2. Nf3 d6 3. d4 exd4 4. Nxd4 Nf6 5. Nc3 Be7 6. Be2 O-O 7. O-O a6 8. a4
c5 9. Nb3 Nc6 10. Be3 Re8 11. f3 Nb4 12. Bc4 b6 13. Nd5 Nfxd5 14. Bxd5 Nxd5 15.
Qxd5 Be6 16. Qd2 Bf6 17. Rad1 Ra7 18. Qc1 Rd7 19. c4 b5 20. axb5 axb5 21. Nd2
Qa5 22. b3 b4 23. Nb1 Ra8 24. Rd3 Qd8 25. Rfd1 g5 26. Qd2 Ra1 27. h4 gxh4 28.
Qe2 h5 29. Qf2 Qf8 30. Kh2 Qg7 31. Bf4 Kh7 32. Be3 Rda7 33. R3d2 Ra8 34. Bf4
Rg8 35. Bxd6 Be5+ 36. Bxe5 Qxe5+ 37. f4 Qxe4 38. Re2 Qg6 39. Nc3 Qg3+ 40. Qxg3
hxg3+ 41. Kg1 Rga8 42. Ree1 Rxd1 43. Nxd1 Ra1 44. Rf1 Rb1 45. Ne3 Rxb3 0-1

[Event "26th WSCC 2016 Open 65+"]
[Site "Marianske Lazne, Czech Republic - Hotel Cristal and Continental"]
[Date "2016.11.19"]
[Round "1.5"]
[White "Jansa, Vlastimil"]
[Black "Vrchotka, Josef"]
[Result "1-0"]
[WhiteElo "2418"]
[BlackElo "1994"]
[PlyCount "83"]
[EventDate "2016.11.19"]

1. e4 d6 2. d4 e5 3. Nf3 exd4 4. Nxd4 Nc6 5. Nc3 Nf6 6. Bb5 Bd7 7. O-O Be7 8.
Bxc6 bxc6 9. Qf3 c5 10. Nf5 Bxf5 11. Qxf5 Qd7 12. Qf3 O-O 13. h3 Rab8 14. b3
Rfe8 15. Bb2 Qc6 16. Rfe1 Bf8 17. Re3 c4 18. Rae1 cxb3 19. cxb3 Qb7 20. Nd5
Nxd5 21. exd5 Qb5 22. Rc1 Qa5 23. Bd4 a6 24. b4 Qxb4 25. Rxc7 Qb1+ 26. Kh2 Qg6
27. Ra7 Ra8 28. Rxa8 Rxa8 29. Qf4 f5 30. Re6 Qf7 31. Bb2 Re8 32. Rxe8 Qxe8 33.
Qxf5 Be7 34. Qe6+ Kf8 35. f4 Qd8 36. Qe3 Qa5 37. Bxg7+ Kxg7 38. Qxe7+ Kg8 39.
Qe6+ Kg7 40. f5 Qb4 41. Qe7+ Kg8 42. Qg5+ 1-0

[Event "26th WSCC 2016 Open 65+"]
[Site "Marianske Lazne, Czech Republic - Hotel Cristal and Continental"]
[Date "2016.11.19"]
[Round "1.6"]
[White "Krstic, Slobodan"]
[Black "Vasiukov, Evgeni"]
[Result "0-1"]
[WhiteElo "1993"]
[BlackElo "2405"]
[PlyCount "64"]
[EventDate "2016.11.19"]

1. e4 c5 2. Nf3 Nc6 3. d4 cxd4 4. Nxd4 Qb6 5. Nb5 a6 6. Be3 Qa5+ 7. N5c3 e6 8.
Be2 Nf6 9. O-O b5 10. Nd2 Qc7 11. Re1 Bd6 12. h3 Bh2+ 13. Kh1 Be5 14. Bf3 Rb8
15. Nb3 O-O 16. Qd2 Rd8 17. Rad1 d6 18. g3 Bb7 19. Bg2 Ne7 20. Bd4 b4 21. Nb1
Bxd4 22. Nxd4 e5 23. Nb3 a5 24. Qe2 Nc6 25. c3 a4 26. N3d2 Qc8 27. Kh2 bxc3 28.
bxc3 Ba6 29. Qe3 Rb2 30. a3 Na5 31. c4 Nxc4 32. Rc1 Nxe3 0-1

[Event "26th WSCC 2016 Open 65+"]
[Site "Marianske Lazne, Czech Republic - Hotel Cristal and Continental"]
[Date "2016.11.19"]
[Round "1.7"]
[White "Bogdanov, Valentin"]
[Black "Blaushtain, Boris"]
[Result "1/2-1/2"]
[WhiteElo "2385"]
[BlackElo "1991"]
[PlyCount "75"]
[EventDate "2016.11.19"]

1. d4 g6 2. Nf3 Bg7 3. c4 e6 4. Nc3 Ne7 5. Bf4 O-O 6. e3 a6 7. Rc1 d6 8. Be2
Nd7 9. Qb3 e5 10. Bg5 h6 11. Bxe7 Qxe7 12. dxe5 Nxe5 13. Nd5 Qd8 14. O-O Rb8
15. Rfd1 b6 16. Nxe5 Bxe5 17. Bf3 Bd7 18. Rd2 a5 19. Qd1 Kh7 20. g3 f5 21. b3
Rf7 22. h4 Be6 23. Nc3 Qf6 24. Ne2 g5 25. hxg5 hxg5 26. Nd4 Bd7 27. Bd5 Re7 28.
Kg2 Kg7 29. Nc6 Bxc6 30. Bxc6 f4 31. Qg4 fxe3 32. fxe3 Rf7 33. Bd5 Qf5 34. Qe2
Rh8 35. Bxf7 Qh3+ 36. Kf3 Qf5+ 37. Kg2 Qh3+ 38. Kf3 1/2-1/2

[Event "26th WSCC 2016 Open 65+"]
[Site "Marianske Lazne, Czech Republic - Hotel Cristal and Continental"]
[Date "2016.11.19"]
[Round "1.9"]
[White "Kakageldyev, Amanmurad"]
[Black "Strand, Kjetil"]
[Result "1-0"]
[WhiteElo "2373"]
[BlackElo "1990"]
[PlyCount "137"]
[EventDate "2016.11.19"]

1. d4 d5 2. c4 c6 3. Nf3 Nf6 4. Nc3 dxc4 5. a4 Bf5 6. e3 e6 7. Bxc4 Bb4 8. O-O
Nbd7 9. Qe2 O-O 10. Rd1 Ne4 11. Nxe4 Bxe4 12. Ne1 a5 13. f3 Bd5 14. Bd3 e5 15.
e4 Bb3 16. Bc2 Bxc2 17. Nxc2 Qe7 18. Nxb4 Qxb4 19. Be3 Rad8 20. Qf2 Rfe8 21. d5
cxd5 22. Rxd5 Nb8 23. Rb5 Qe7 24. Rxa5 Rd3 25. Qe2 Qd7 26. Ra8 Rd6 27. h3 h6
28. Qb5 Rc6 29. Ba7 Qc7 30. Rd1 Rc8 31. Kh2 Rg6 32. Rxb8 Rxb8 33. Bxb8 Qxb8 34.
Qa5 b6 35. Qd5 Qa7 36. b3 Qa6 37. Rd2 Re6 38. Qd8+ Kh7 39. Qc7 Qa5 40. Qd7 Qb4
41. Qd5 Qe7 42. Rd1 Qg5 43. Qd2 Qf6 44. Qe3 Rc6 45. Rd5 Rc2 46. Rd2 Rc5 47. Rf2
Qc6 48. Rd2 b5 49. axb5 Qxb5 50. Qd3 Qxd3 51. Rxd3 Rc2 52. h4 h5 53. Kh3 Rb2
54. g4 g6 55. gxh5 gxh5 56. Kg3 Kg6 57. Rd6+ f6 58. Rb6 Rb1 59. b4 Rg1+ 60. Kh2
Rb1 61. b5 Kg7 62. Rb8 Kh7 63. b6 Kg7 64. Kg2 Rb2+ 65. Kf1 Kh7 66. Ke1 Kg7 67.
Kd1 f5 68. exf5 Kf6 69. b7 1-0

[Event "26th WSCC 2016 Open 65+"]
[Site "Marianske Lazne, Czech Republic - Hotel Cristal and Continental"]
[Date "2016.11.19"]
[Round "1.10"]
[White "Benson, Lachlan"]
[Black "Birnboim, Nathan"]
[Result "0-1"]
[WhiteElo "1988"]
[BlackElo "2365"]
[PlyCount "146"]
[EventDate "2016.11.19"]

1. e4 c5 2. Nf3 Nc6 3. d4 cxd4 4. Nxd4 Nf6 5. Nc3 e5 6. Nb3 Bb4 7. f3 d5 8.
exd5 Nxd5 9. Bd2 Bxc3 10. Bxc3 O-O 11. Qd2 Nxc3 12. Qxc3 Bf5 13. Rd1 Qh4+ 14.
g3 Qe7 15. Bd3 Bxd3 16. Rxd3 Nb4 17. Re3 Rfe8 18. Re4 Nd5 19. Qa5 Nf6 20. Re2
b6 21. Qa4 Qb7 22. O-O h6 23. Nd2 b5 24. Qb3 Rad8 25. Rfe1 Re6 26. Ne4 Nxe4 27.
Rxe4 Rd2 28. R4e2 Qd7 29. Qc3 Rxe2 30. Rxe2 Qd1+ 31. Re1 Qd5 32. a3 a6 33. Qe3
f6 34. Qe4 Qc5+ 35. Kg2 Rd6 36. Qa8+ Kf7 37. Qb7+ Kf8 38. Qa8+ Ke7 39. Qb7+ Rd7
40. Qe4 Rd2+ 41. Re2 Rd1 42. Rf2 Qd5 43. Qxd5 Rxd5 44. Re2 Rd1 45. Kh3 Ke6 46.
Kg2 f5 47. Kf2 Rb1 48. c3 Rd1 49. Ke3 a5 50. Rc2 Kd5 51. b3 a4 52. bxa4 bxa4
53. Rb2 Ra1 54. Rb5+ Kd6 55. Ra5 Rxa3 56. Kd3 Ra2 57. Ra6+ Ke7 58. Ra5 Rxh2 59.
Rxe5+ Kf6 60. Ra5 Rh3 61. c4 Rxg3 62. c5 Rxf3+ 63. Kd4 Rf1 64. c6 Ke6 65. Rc5
Rd1+ 66. Ke3 Rd8 67. Kf4 g5+ 68. Kf3 Rc8 69. c7 a3 70. Rc6+ Kd5 71. Rxh6 Rxc7
72. Ra6 Rc3+ 73. Kf2 g4 0-1

[Event "26th WSCC 2016 Open 65+"]
[Site "Marianske Lazne, Czech Republic - Hotel Cristal and Continental"]
[Date "2016.11.19"]
[Round "1.11"]
[White "Harandi, Khosro"]
[Black "Trojan, Lubos"]
[Result "1-0"]
[WhiteElo "2354"]
[BlackElo "1987"]
[PlyCount "37"]
[EventDate "2016.11.19"]

1. e4 e6 2. d4 d5 3. Nc3 Nf6 4. e5 Nfd7 5. Nce2 c5 6. c3 Be7 7. Nf3 Nc6 8. Nf4
Nf8 9. Bd3 cxd4 10. cxd4 Bd7 11. Nh5 Rg8 12. O-O Qb6 13. Be3 Nb4 14. Bb1 Bb5
15. Re1 Qa6 16. Bg5 Bd3 17. Bxe7 Kxe7 18. Qd2 Qb5 19. a4 1-0

[Event "26th WSCC 2016 Open 65+"]
[Site "Marianske Lazne, Czech Republic - Hotel Cristal and Continental"]
[Date "2016.11.19"]
[Round "1.12"]
[White "Davydov, Mihail"]
[Black "Renman, Nils-Gustaf"]
[Result "0-1"]
[WhiteElo "1986"]
[BlackElo "2352"]
[PlyCount "50"]
[EventDate "2016.11.19"]

1. e4 e6 2. d4 d5 3. e5 c5 4. c3 Nc6 5. Nf3 Nge7 6. dxc5 Ng6 7. Be3 Ngxe5 8.
Nxe5 Nxe5 9. Nd2 Qc7 10. b4 Be7 11. Be2 O-O 12. Qb3 Rd8 13. O-O Ng6 14. f4 e5
15. f5 Nh4 16. Qc2 d4 17. cxd4 exd4 18. Bf4 Qc6 19. Bf3 Nxf3+ 20. Rxf3 b6 21.
Re1 Bf8 22. Nb3 bxc5 23. bxc5 d3 24. Qc4 Bxf5 25. Nd4 Rxd4 0-1

[Event "26th WSCC 2016 Open 65+"]
[Site "Marianske Lazne, Czech Republic - Hotel Cristal and Continental"]
[Date "2016.11.19"]
[Round "1.13"]
[White "Plachetka, Jan"]
[Black "Baeta, Marcio Netto"]
[Result "1-0"]
[WhiteElo "2348"]
[BlackElo "1981"]
[PlyCount "107"]
[EventDate "2016.11.19"]

1. d4 f5 2. g3 Nf6 3. Bg2 g6 4. Nc3 Bg7 5. e4 d6 6. exf5 gxf5 7. Nf3 Nc6 8. O-O
O-O 9. Re1 h6 10. d5 Ne5 11. Nd4 Bd7 12. f4 Ng6 13. Qd3 Ne8 14. Ne6 Bxe6 15.
Rxe6 Bf6 16. Bd2 c6 17. Kh1 Ng7 18. Re2 c5 19. Nd1 Qd7 20. c3 b5 21. Ne3 Rae8
22. Rae1 Kh7 23. b3 a5 24. Bh3 b4 25. cxb4 axb4 26. Nxf5 Qb7 27. Nxg7 Kxg7 28.
Bf5 Nh8 29. Qf3 e5 30. Be6 Ng6 31. f5 Bg5 32. Bxg5 Rxe6 33. Bxh6+ Kxh6 34. Qe3+
Kg7 35. fxe6 Qxd5+ 36. Kg1 Qxe6 37. Rf2 Qd5 38. Rd2 Qe6 39. Red1 Rd8 40. Qg5
Rd7 41. h4 Kh7 42. Kh2 e4 43. Rd5 Ne5 44. Rxe5 dxe5 45. Rxd7+ Qxd7 46. h5 Qd4
47. Qg6+ Kh8 48. h6 Qd2+ 49. Kh3 Qd7+ 50. g4 e3 51. Qg7+ Qxg7 52. hxg7+ Kxg7
53. Kg2 e4 54. Kf1 1-0

[Event "26th WSCC 2016 Open 65+"]
[Site "Marianske Lazne, Czech Republic - Hotel Cristal and Continental"]
[Date "2016.11.19"]
[Round "1.14"]
[White "Mortensen, Steen Juul"]
[Black "Pritchett, Craig W"]
[Result "0-1"]
[WhiteElo "1975"]
[BlackElo "2338"]
[PlyCount "72"]
[EventDate "2016.11.19"]

1. d4 Nf6 2. Nf3 e6 3. g3 b6 4. Bg2 Bb7 5. O-O c5 6. c4 cxd4 7. Qxd4 d6 8. Nc3
a6 9. b3 Be7 10. Rd1 Nbd7 11. Bb2 O-O 12. e4 Qc7 13. Ne1 Rac8 14. Rac1 Rfd8 15.
Nc2 Bf8 16. Ne3 Qb8 17. Qd2 Bc6 18. Qe2 b5 19. cxb5 axb5 20. f3 b4 21. Nb1 Bb5
22. Qe1 Qa7 23. Bd4 Qxa2 24. Qxb4 Be2 25. Re1 Rxc1 26. Rxc1 e5 27. Bc3 Qa7 28.
Kf2 Ba6 29. Qa5 Nc5 30. Rd1 Ncxe4+ 31. fxe4 Ng4+ 32. Kg1 Qxe3+ 33. Kh1 Nf2+ 34.
Kg1 Nh3+ 35. Kh1 Qg1+ 36. Rxg1 Nf2# 0-1

[Event "26th WSCC 2016 Open 65+"]
[Site "Marianske Lazne, Czech Republic - Hotel Cristal and Continental"]
[Date "2016.11.19"]
[Round "1.15"]
[White "Rooze, Jan"]
[Black "Ladisic, Alex-Sacha"]
[Result "1-0"]
[WhiteElo "2335"]
[BlackElo "1970"]
[PlyCount "139"]
[EventDate "2016.11.19"]

1. e4 e5 2. Nf3 Nc6 3. Bc4 Be7 4. O-O Nf6 5. d3 d6 6. a4 O-O 7. Re1 Na5 8. Ba2
c5 9. Nbd2 Nc6 10. c3 h6 11. Nf1 Bg4 12. Ng3 Nh7 13. h3 Bxf3 14. Qxf3 Bg5 15.
Nf5 Ne7 16. Be3 Qc7 17. g3 Kh8 18. h4 Bxe3 19. fxe3 Ng8 20. h5 Ng5 21. Qh1 Rad8
22. Rf1 Ne7 23. Nh4 Qd7 24. Nf5 Nxf5 25. exf5 f6 26. e4 b6 27. Bc4 Ra8 28. Bd5
Rab8 29. Qg2 Nf7 30. Qc2 Ng5 31. Kg2 Rfc8 32. Qb3 Rc7 33. Qb5 Qc8 34. Ra2 Nh7
35. Rfa1 a6 36. Qb3 Nf8 37. Qd1 Ra7 38. b3 Rc7 39. Rc1 Qd8 40. Rac2 Nd7 41. Qe2
Ra7 42. b4 b5 43. axb5 axb5 44. Ra2 Rxa2 45. Qxa2 Nb6 46. Ra1 cxb4 47. cxb4 Na4
48. Be6 Qb6 49. Qf2 Qd4 50. Qxd4 exd4 51. Kf3 Rd8 52. Ke2 d5 53. exd5 Nc3+ 54.
Kd2 Nxd5 55. Bxd5 Rxd5 56. Ra8+ Kh7 57. g4 Rd7 58. Kd1 Rd6 59. Ke2 Rd7 60. Kf2
Rd6 61. Rb8 Rd5 62. Rc8 Rd7 63. Rc5 Kg8 64. Rxb5 Kf7 65. Rb8 Ke7 66. Kf3 Kd6
67. Ke4 Kc7 68. Rb5 Kc6 69. Rc5+ Kb6 70. Rd5 1-0

[Event "26th WSCC 2016 Open 65+"]
[Site "Marianske Lazne, Czech Republic - Hotel Cristal and Continental"]
[Date "2016.11.19"]
[Round "1.16"]
[White "Weller, Karl"]
[Black "Maryasin, Boris"]
[Result "0-1"]
[WhiteElo "1969"]
[BlackElo "2331"]
[PlyCount "128"]
[EventDate "2016.11.19"]

1. c4 c5 2. Nf3 Nc6 3. d4 cxd4 4. Nxd4 Nf6 5. Nc3 e6 6. e4 Bb4 7. Nxc6 dxc6 8.
Qxd8+ Kxd8 9. Bg5 e5 10. Rc1 Kc7 11. Bxf6 gxf6 12. Be2 f5 13. exf5 Bxf5 14. O-O
Rad8 15. Rfd1 Rxd1+ 16. Rxd1 Bxc3 17. bxc3 b6 18. f3 Be6 19. Kf2 Rd8 20. Rxd8
Kxd8 21. f4 exf4 22. Kf3 Ke7 23. Kxf4 Kd6 24. g4 Kc5 25. Kg5 Bxc4 26. Bxc4 Kxc4
27. Kh6 Kxc3 28. Kxh7 c5 29. h4 c4 30. h5 Kb4 31. h6 c3 32. Kg8 c2 33. h7 c1=Q
34. h8=Q Qc8+ 35. Kg7 Qxg4+ 36. Kxf7 Qd7+ 37. Kg6 Qe6+ 38. Kg5 Qd5+ 39. Kg6
Qxa2 40. Qd4+ Qc4 41. Qb2+ Qb3 42. Qd4+ Qc4 43. Qb2+ Kc5 44. Qa3+ Kd5 45. Qxa7
Qe4+ 46. Kg5 Qe5+ 47. Kg4 b5 48. Qa8+ Kc5 49. Qf8+ Qd6 50. Qc8+ Kb6 51. Qc3 b4
52. Qe3+ Qc5 53. Qe6+ Ka5 54. Qe8 b3 55. Qa8+ Kb4 56. Qb7+ Kc4 57. Qa6+ Kc3 58.
Qa1+ b2 59. Qe1+ Kb3 60. Qd1+ Qc2 61. Qf3+ Qc3 62. Qd1+ Ka3 63. Kh5 Qe5+ 64.
Kg6 Qe4+ 0-1

[Event "26th WSCC 2016 Open 65+"]
[Site "Marianske Lazne, Czech Republic - Hotel Cristal and Continental"]
[Date "2016.11.19"]
[Round "1.17"]
[White "Pushkov, Nikolai"]
[Black "Green, Per"]
[Result "1-0"]
[WhiteElo "2325"]
[BlackElo "1967"]
[PlyCount "69"]
[EventDate "2016.11.19"]

1. d4 Nf6 2. Nf3 e6 3. e3 b6 4. Bd3 Bb7 5. O-O c5 6. c4 Nc6 7. Nbd2 cxd4 8.
exd4 Be7 9. b3 O-O 10. Bb2 d5 11. Qe2 Re8 12. Rac1 Bf8 13. Rfd1 Rc8 14. a3 a5
15. Ne5 Nxe5 16. dxe5 Nd7 17. Nf3 g6 18. cxd5 exd5 19. Ba6 Rxc1 20. Rxc1 Bxa6
21. Qxa6 Nc5 22. Qb5 Ne4 23. Bd4 Bc5 24. Rd1 Re7 25. h3 Rc7 26. Bxc5 Rxc5 27.
Qd3 Qe8 28. b4 axb4 29. axb4 Rb5 30. Rb1 Nc5 31. bxc5 Rxb1+ 32. Qxb1 bxc5 33.
Qb7 d4 34. Qd5 Qe7 35. g3 1-0

[Event "26th WSCC 2016 Open 65+"]
[Site "Marianske Lazne, Czech Republic - Hotel Cristal and Continental"]
[Date "2016.11.19"]
[Round "1.18"]
[White "Jorgensen, Arne Bjorn"]
[Black "Werner, Clemens"]
[Result "0-1"]
[WhiteElo "1965"]
[BlackElo "2325"]
[PlyCount "80"]
[EventDate "2016.11.19"]

1. d4 Nf6 2. Nf3 g6 3. c4 Bg7 4. Nc3 O-O 5. e4 d6 6. Be2 Na6 7. O-O e5 8. dxe5
dxe5 9. Qxd8 Rxd8 10. Bg5 Re8 11. h3 c6 12. Be3 Bf8 13. a3 Nc5 14. Nd2 a5 15.
b4 Ne6 16. c5 Nd4 17. Rac1 Be6 18. Bc4 axb4 19. axb4 Ra3 20. Kh1 Bxc4 21. Nxc4
Rb3 22. Nxe5 Rxc3 23. Bxd4 Rxc1 24. Rxc1 Nxe4 25. f3 Ng3+ 26. Kh2 Ne2 27. Ng4
Rd8 28. Nf6+ Kh8 29. Bb2 Nxc1 30. Ne8+ Kg8 31. Nf6+ Kh8 32. Ne8+ Bg7 33. Nxg7
Kg8 34. Bf6 Ra8 35. h4 h5 36. g4 hxg4 37. fxg4 Nd3 38. h5 Nxb4 39. hxg6 fxg6
40. Ne6 Kf7 0-1

[Event "26th WSCC 2016 Open 65+"]
[Site "Marianske Lazne, Czech Republic - Hotel Cristal and Continental"]
[Date "2016.11.19"]
[Round "1.19"]
[White "Khanukov, Boris"]
[Black "Taksrud, Vidar"]
[Result "1-0"]
[WhiteElo "2320"]
[BlackElo "1964"]
[PlyCount "87"]
[EventDate "2016.11.19"]

1. d4 Nf6 2. Nf3 c5 3. d5 e6 4. c4 b5 5. dxe6 fxe6 6. cxb5 Be7 7. a4 O-O 8. g3
a6 9. bxa6 Bxa6 10. Bh3 Nc6 11. Nc3 Qb6 12. O-O Bc4 13. Nd2 Ba6 14. Re1 Ne5 15.
a5 Qa7 16. Nde4 Nfg4 17. f4 h5 18. fxe5 c4+ 19. e3 Nxe5 20. Rf1 Rxf1+ 21. Qxf1
Rf8 22. Qe2 Nf3+ 23. Kh1 Bb7 24. Bg2 Ng5 25. Nxg5 Bxg2+ 26. Kxg2 Bxg5 27. e4
Bf6 28. Be3 Qa8 29. Bc5 Rc8 30. Bb6 d5 31. exd5 exd5 32. Qf3 d4 33. Nd5 Bg5 34.
h4 Rf8 35. Nf4 Qxf3+ 36. Kxf3 Bf6 37. a6 d3 38. a7 Ra8 39. Ra2 Kf7 40. Nd5 Be5
41. Be3 Ke6 42. Ke4 d2 43. Bxd2 Bxg3 44. Nb6 1-0

[Event "26th WSCC 2016 Open 65+"]
[Site "Marianske Lazne, Czech Republic - Hotel Cristal and Continental"]
[Date "2016.11.19"]
[Round "1.20"]
[White "Bauder, Herbert"]
[Black "Mishuchkov, Nikolai M"]
[Result "0-1"]
[WhiteElo "1963"]
[BlackElo "2319"]
[PlyCount "64"]
[EventDate "2016.11.19"]

1. d4 Nf6 2. Nf3 d5 3. c4 e6 4. Nc3 a6 5. Bg5 dxc4 6. a4 Nc6 7. e3 Na5 8. Nd2
c5 9. Nxc4 Nxc4 10. Bxc4 cxd4 11. exd4 Be7 12. O-O O-O 13. Qd3 Bd7 14. Bxf6
Bxf6 15. d5 Rc8 16. dxe6 Bxe6 17. Qxd8 Rfxd8 18. Bxe6 fxe6 19. Ne4 Bxb2 20.
Rab1 Rc2 21. Nc5 e5 22. h3 b5 23. axb5 axb5 24. Ne4 b4 25. Rfe1 h6 26. Kf1 Rdc8
27. Red1 Ba3 28. Ke1 Kh7 29. Nd2 Ra2 30. Rb3 Rc3 31. Rbb1 Rcc2 32. Ne4 Re2+ 0-1

[Event "26th WSCC 2016 Open 65+"]
[Site "Marianske Lazne, Czech Republic - Hotel Cristal and Continental"]
[Date "2016.11.19"]
[Round "1.21"]
[White "Cao, Jorge"]
[Black "Giffard, Nicolas"]
[Result "0-1"]
[WhiteElo "1962"]
[BlackElo "2313"]
[PlyCount "108"]
[EventDate "2016.11.19"]

1. d4 Nf6 2. c4 e6 3. Nf3 Bb4+ 4. Bd2 Be7 5. Nc3 d5 6. Bg5 h6 7. Bh4 O-O 8. e3
b6 9. Bd3 Bb7 10. O-O Nbd7 11. Qe2 a6 12. Rfd1 Ne4 13. Bxe7 Qxe7 14. Rac1 f5
15. cxd5 exd5 16. Na4 Rfc8 17. Rc2 Ra7 18. Rdc1 c6 19. a3 Re8 20. Re1 Qd8 21.
Qd1 a5 22. Qc1 Re6 23. Nc3 Ra8 24. Ne2 g5 25. Ng3 Qf6 26. Bxe4 fxe4 27. Nd2 Ba6
28. Ndf1 Bd3 29. Rd2 c5 30. dxc5 bxc5 31. Ne2 Rf8 32. Nc3 Nb6 33. b3 d4 34.
exd4 cxd4 35. Nd1 e3 36. Ndxe3 dxe3 37. Nxe3 Rc6 38. Qd1 Bf5 39. Qh5 Be6 40. b4
a4 41. h3 Nc4 42. Nxc4 Bxc4 43. Re8 Bf7 44. Rxf8+ Kxf8 45. Qd1 Be8 46. b5 Rc4
47. Rd6 Qf4 48. Rd2 Bxb5 49. g3 Qf6 50. Rd6 Qc3 51. Rd8+ Kg7 52. Qe2 Qf6 53.
Qd2 Rc7 54. Rd6 Qc3 0-1

[Event "26th WSCC 2016 Open 65+"]
[Site "Marianske Lazne, Czech Republic - Hotel Cristal and Continental"]
[Date "2016.11.19"]
[Round "1.22"]
[White "Sloth, Jorn"]
[Black "Mckerracher, Douglas"]
[Result "1-0"]
[WhiteElo "2312"]
[BlackElo "1962"]
[PlyCount "121"]
[EventDate "2016.11.19"]

1. d4 f5 2. c4 Nf6 3. g3 e6 4. Bg2 d5 5. Bg5 c6 6. Nd2 Be7 7. e3 O-O 8. Ne2 Ne4
9. Bxe7 Qxe7 10. f4 Nd7 11. Nxe4 fxe4 12. Nc3 Nf6 13. Qd2 b6 14. O-O Bb7 15. b4
Rfd8 16. Rfb1 c5 17. bxc5 bxc5 18. cxd5 Bxd5 19. Nxd5 Rxd5 20. Qc2 cxd4 21.
Bxe4 Nxe4 22. Qxe4 dxe3 23. Qxe3 Rad8 24. Re1 Kf7 25. Rac1 Rd3 26. Qe4 g6 27.
Re2 Rd1+ 28. Rxd1 Rxd1+ 29. Kg2 Qd7 30. Kf2 Rd2 31. Qc4 Rxe2+ 32. Kxe2 Qb7 33.
Ke3 Qd7 34. Qd4 Qc7 35. Kf3 Qb7+ 36. Qe4 Qc7 37. a4 a5 38. Qd4 Qc6+ 39. Kg4 Qc7
40. Qe5 Qd8 41. Qb5 h5+ 42. Kf3 Qd1+ 43. Ke4 Qc2+ 44. Ke5 Qc7+ 45. Kd4 Qa7+ 46.
Qc5 Qd7+ 47. Ke5 Qxa4 48. Qa7+ Kg8 49. Kf6 Qa1+ 50. Kxg6 Qb1+ 51. Kh6 Kf8 52.
Qxa5 Qb2 53. Qd8+ Kf7 54. Qd7+ Kf8 55. Qd6+ Kf7 56. Qe5 Qb4 57. Qxh5+ Kf8 58.
Qe5 Qb6 59. Kg6 Ke8 60. h4 Kd7 61. Kf7 1-0

[Event "26th WSCC 2016 Open 65+"]
[Site "Marianske Lazne, Czech Republic - Hotel Cristal and Continental"]
[Date "2016.11.19"]
[Round "1.23"]
[White "Schwertel, Johann"]
[Black "Van Riemsdijk, Herman C"]
[Result "0-1"]
[WhiteElo "1961"]
[BlackElo "2309"]
[PlyCount "120"]
[EventDate "2016.11.19"]

1. d4 c5 2. c3 g6 3. Nf3 Bg7 4. e3 Nf6 5. Nbd2 b6 6. Be2 Bb7 7. O-O O-O 8. Ne5
Qc7 9. Bf3 Nc6 10. Nxc6 Bxc6 11. Bxc6 Qxc6 12. Qf3 d5 13. Re1 Rfe8 14. Nf1 c4
15. Ng3 e5 16. dxe5 Nd7 17. Rd1 Rxe5 18. Bd2 Nc5 19. Be1 Nd3 20. Rab1 Rae8 21.
Ne2 Rf5 22. Qg3 Be5 23. f4 Bg7 24. Bd2 Qa4 25. Nd4 Bxd4 26. cxd4 Nxb2 27. Rf1
Qc2 28. Qe1 Nd3 29. Qd1 Qxa2 30. Ra1 Qb2 31. Rxa7 c3 32. Bc1 Nxc1 33. Qxc1 Qxc1
34. Rxc1 Rxe3 35. Rc7 Rxf4 36. R7xc3 Rxc3 37. Rxc3 Rxd4 38. Rb3 Rd2 39. Rxb6 h5
40. Rd6 Kf8 41. Ra6 Kg7 42. h4 Kf8 43. Kf1 Ke7 44. g3 Rc2 45. Rb6 Ra2 46. Rc6
Ra4 47. Ke2 Re4+ 48. Kf3 Re6 49. Rc7+ Kf6 50. Kf4 Re4+ 51. Kf3 Rc4 52. Rb7 Ke6
53. Rb6+ Kf5 54. Rb5 Rc3+ 55. Kf2 Kg4 56. Rxd5 Rf3+ 57. Ke2 Rxg3 58. Rd4+ Kh3
59. Rd7 f5 60. Kf2 Kxh4 0-1

[Event "26th WSCC 2016 Open 65+"]
[Site "Marianske Lazne, Czech Republic - Hotel Cristal and Continental"]
[Date "2016.11.19"]
[Round "1.24"]
[White "Boehnisch, Manfred"]
[Black "Kazantsev, Valentin"]
[Result "1/2-1/2"]
[WhiteElo "2297"]
[BlackElo "1953"]
[PlyCount "98"]
[EventDate "2016.11.19"]

1. e4 e5 2. Nf3 Nc6 3. Nc3 Nf6 4. Bb5 Bc5 5. O-O Ng4 6. h3 h5 7. d3 d6 8. Na4
Qf6 9. Bxc6+ bxc6 10. Nxc5 dxc5 11. Ng5 Qg6 12. f4 exf4 13. Bxf4 Nh6 14. Kh1
O-O 15. Nf3 Qf6 16. Bxc7 Qxb2 17. Bd6 Re8 18. Bxc5 Qb5 19. Be3 Nf5 20. Bf2 Ne7
21. a4 Qa5 22. Be1 Qc5 23. Bd2 f6 24. Rb1 Ng6 25. Rb4 Qd6 26. Ng1 c5 27. Qxh5
cxb4 28. Qxg6 Bb7 29. Rf3 Bxe4 30. dxe4 Qxd2 31. Rxf6 Rf8 32. Rd6 Qxc2 33. Rd7
Qc3 34. Qe6+ Kh8 35. Rd5 Rf6 36. Rh5+ Rh6 37. Rxh6+ gxh6 38. Qxh6+ Kg8 39. Qg5+
Kh8 40. Nf3 Rf8 41. e5 Rxf3 42. Qh5+ Kg7 43. gxf3 b3 44. Qg5+ Kh7 45. Qf5+ Kh6
46. Qf4+ Kh7 47. Qe4+ Kg7 48. Qg4+ Kh6 49. Qf4+ Kh7 1/2-1/2

[Event "26th WSCC 2016 Open 65+"]
[Site "Marianske Lazne, Czech Republic - Hotel Cristal and Continental"]
[Date "2016.11.19"]
[Round "1.26"]
[White "Kelleher, William"]
[Black "Barboza, Mauro"]
[Result "1-0"]
[WhiteElo "2292"]
[BlackElo "1944"]
[PlyCount "103"]
[EventDate "2016.11.19"]

1. e4 e5 2. Nf3 Nc6 3. Bb5 a6 4. Bxc6 dxc6 5. O-O Bg4 6. h3 h5 7. d3 Qf6 8. Be3
Bxf3 9. Qxf3 Qxf3 10. gxf3 Bd6 11. Nc3 c5 12. Ne2 Ne7 13. f4 b6 14. Rab1 Nc6
15. fxe5 Bxe5 16. f4 Bd4 17. Nxd4 cxd4 18. Bd2 O-O-O 19. Kh2 Ne7 20. f5 Nc6 21.
Rg1 Rh7 22. Rbf1 Rd7 23. Rg3 f6 24. a3 Ne5 25. Bf4 Nc6 26. Rfg1 Kb7 27. Kg2 Kc8
28. Kf2 Kb7 29. Ke2 Re7 30. Kd2 Kc8 31. c3 Kb7 32. Kc2 Rd7 33. c4 a5 34. Kb3
Re7 35. Ka4 Nb8 36. b4 Nc6 37. R3g2 Ka7 38. c5 bxc5 39. Kb5 Nb8 40. Kxc5 axb4
41. axb4 Rd7 42. b5 Kb7 43. Ra2 Rh8 44. Rga1 Rhd8 45. Ra7+ Kc8 46. Ra8 Re7 47.
b6 cxb6+ 48. Kxb6 Rb7+ 49. Kc5 Kd7 50. Rxb8 Rdxb8 51. Bxb8 Rxb8 52. Ra7+ 1-0